000 01147nam a22002177a 4500
999 _c954
_d954
003 AR-CdUCM
008 190226b ||||| |||| 00| 0 spa d
040 _aMUNICIPALIDAD PROVINCIAL DEL CUSCO
_cBIBLIOTECA MUNICIPAL DEL CUSCO
082 _a250 /
_bT266
100 _aTejada Manrique, Juan Marcial
_91177
245 _aFormando La Identidad Mercedaria /
260 _aLima :
_bProvincia Mercedaria del Perú,
_c1991.
300 _a140 paginas ;
_c20 cm.
505 _aCarta circular N° 001-DP-93, a todos los comendadores de la provincia Mercedaria del Perú, solicitando sugerencias para reunión de provinciales del Perú -- Carta circular N° 002-DP-93, dirigida a los RR.PP. Ricardo Gomez Cornejo Muñoz, Edgar Manrique Torres, Jorge Capristan Vargas y Carlos Silva Ramos, convocándolos a una reunión de estudio para acordar las proposiciones de deban presentarse al V encuentro de formadores con sede en Brasil...
650 _aSan Pedro Nolasco
_93702
650 _aDivino redentor
_93703
650 _aSantisima Madre de la Merced
_93704
650 _aLibres para liberar
_93705
942 _2ddc
_cLIBROS
945 _awnts
_d2019-02-26